|
|
|
|
| LEADER |
00823cam a2200169 7i4500 |
| 001 |
0000140167 |
| 005 |
20100728090000.0 |
| 002 |
0000005248 |
| 090 |
0 |
0 |
|a LI 13 FPE 1 2004
|
| 100 |
0 |
# |
|a Noor Rahiza Abdul Razak
|
| 245 |
1 |
0 |
|a Laporan akhir latihan industri di Majlis Daerah Rembau Negeri Sembilan
|c Noor Rahiza Abdul Razak.
|
| 260 |
# |
# |
|a Terengganu:
|b Kolej Universiti Sains dan Teknologi Malaysia,
|c 2004.
|
| 300 |
|
|
|a viii, 56 p.:
|b col.ill.;
|c 30 cm..
|
| 502 |
# |
# |
|a Latihan Industri FPE (Sarjana Muda Pengurusan - Polisi Dan Sekitaran Sosial) 2004
|
| 520 |
3 |
# |
|a Terdapat empat perkhidmatan utama yang diberikan oleh Majlis Daerah Rembau iaitu perlesenan, penilaian atau kutipan cukai kadaran, jadual kutipan sampah dan kemudahan sosial
|
| 602 |
# |
# |
|a Latihan Industri FPE 2004
|
| 999 |
|
|
|a 1100045522
|b Book
|c Latihan Industri
|e BILIK ARKIB
|